Breaking Bad Character Map Quiz Stats

Quiz not verified by Sporcle

Challenge
Share
Tweet
Score 0/16 Timer 02:00
0 Plays Today
% Correct
Walter White
100%
Saul Goodman
95.5%
Jesse Pinkman
94.7%
Skyler White
94%
Walter White, Jr.
93.2%
Hank Schrader
87.2%
Mike Ehrmantraut
87.2%
Gustavo 'Gus' Fring
85%
% Correct
Marie Schrader
79.7%
Tuco Salamanca
78.2%
Hector Salamanca
74.4%
Brandon 'Badger' Mayhew
71.4%
Skinny Pete
69.2%
Steven Gomez
67.7%
Huell
48.9%
Jack Welker
42.9%

You're not logged in!

Compare scores with friends on all Sporcle quizzes.
Sign Up with Email
OR
Log In

You Might Also Like...

Show Comments

Extras

Top Quizzes Today


Score Distribution

Your Account Isn't Verified!

In order to create a playlist on Sporcle, you need to verify the email address you used during registration. Go to your Sporcle Settings to finish the process.